Largest Asteroids by Type - Statistics

General Stats
  • This quiz has been taken 11 times
  • The average score is 32 of 160
Answer Stats
Hint Answer % Correct
Central Outer 409 10 Hygiea
100%
Middle 949 1 Ceres
100%
Middle 514 2 Pallas
100%
Inner 519 4 Vesta
100%
Central Outer 278 511 Davida
100%
Central Outer 311 52 Europa
100%
Hildas 171 153 Hilda
67%
Central Outer 184 24 Themis
67%
Central Outer 271 31 Euphrosyne
67%
Middle 239 3 Juno
67%
Hungaria Asteroids 10 434 Hungaria
67%
Jupiter Trojans 141 617 Patroclus
67%
Jupiter Trojans 196 624 Hektor
67%
Cybele Group 263 65 Cybele
67%
Central Outer 308 704 Interamnia
67%
Cybele Group 252 87 Sylvia
67%
Cybele Group 215 107 Camilla
33%
Hungaria Asteroids 7 1103 Sequoia
33%
Jupiter Trojans 116 1143 Odysseus
33%
Hildas 58 1144 Oda
33%
Jupiter Trojans 126 1172 Aneas
33%
Inner 145 11 Parthenope
33%
Cybele Group 194 121 Hermione
33%
Inner 120 12 Victoria
33%
Middle 209 13 Egeria
33%
Jupiter Trojans 128 1437 Diomedes
33%
Middle 244 15 Eunomia
33%
Pristine Zone 231 16 Psyche
33%
Jupiter Trojans 125 1867 Deiphobus
33%
Inner 140 18 Melpomene
33%
Hildas 187 190 Ismene
33%
Inner 197 19 Fortuna
33%
Inner 133 20 Massalia
33%
Inner 102 21 Lutetia
33%
Pristine Zone 160 22 Kalliope
33%
Central Outer 173 241 Germania
33%
Middle 197 29 Amphitrite
33%
Middle 232 324 Bamberga
33%
Jupiter Trojans 117 3317 Paris
33%
Hildas 171 334 Chicago
33%
Hungaria Asteroids 11 3353 Jarvis
33%
Jupiter Trojans 120 3451 Mentor
33%
Pristine Zone 154 349 Dembowska
33%
Inner 112 40 Harmonia
33%
Middle 197 41 Daphne
33%
Inner 106 42 Isis
33%
Central Outer 239 451 Patientia
33%
Middle 197 45 Eugenia
33%
Central Outer 211 48 Doris
33%
Hungaria Asteroids 9 4954 Eric
33%
Inner 142 51 Nemausa
33%
Cybele Group 100 522 Helga
33%
Middle 176 532 Herculina
33%
Middle 154 54 Alexandra
33%
Cybele Group 150 566 Stereoskopia
33%
Jupiter Trojans 131 588 Achilles
33%
Inner 134 654 Zelinda
33%
Jupiter Trojans 112 659 Nestor
33%
Hungaria Asteroids 13 6618 Jimsimons
33%
Pristine Zone 93 674 Rachele
33%
Inner 194 6 Hebe
33%
Central Outer 170 747 Winchester
33%
Cybele Group 156 76 Freia
33%
Cybele Group 165 790 Pretoria
33%
Inner 228 7 Iris
33%
Pristine Zone 145 804 Hispania
33%
Middle 156 85 Io
33%
Middle 200 88 Thisbe
33%
Inner 141 8 Flora
33%
Jupiter Trojans 145 911 Agamemnon
33%
Central Outer 191 94 Aurora
33%
Central Outer 174 96 Aegle
33%
Inner 156 9 Metis
33%
Hungaria Asteroids 8 1019 Strackea
0%
Inner 119 105 Artemis
0%
Hungaria Asteroids 10 1139 Atami
0%
Jupiter Trojans 111 1173 Anchises
0%
Cybele Group 93 1177 Gonnessia
0%
Hildas 83 1180 Rita
0%
Hungaria Asteroids 8 11976 Josephthurn
0%
Hildas 62 1202 Marina
0%
Jupiter Trojans 104 1208 Troilus
0%
Hildas 78 1212 Francette
0%
Hildas 68 1256 Normannia
0%
Hildas 95 1268 Libya
0%
Hildas 106 1269 Rollandia
0%
Middle 174 128 Nemesis
0%
Pristine Zone 127 129 Antigone
0%
Central Outer 181 130 Elektra
0%
Hildas 74 1345 Potomac
0%
Cybele Group 98 1390 Abastumani
0%
Hungaria Asteroids 8 1453 Fennia
0%
Cybele Group 94 1467 Mashona
0%
Hungaria Asteroids 9 1509 Esclangona
0%
Hildas 81 1512 Oulu
0%
Central Outer 186 154 Bertha
0%
Jupiter Trojans 109 1583 Antilochus
0%
Hungaria Asteroids 7 1600 Vyssotsky
0%
Hungaria Asteroids 8 1627 Ivar
0%
Hungaria Asteroids 8 1656 Suomi
0%
Central Outer 173 165 Loreley
0%
Cybele Group 149 168 Sibylla
0%
Hildas 62 1746 Brouwer
0%
Hildas 80 1754 Cunningham
0%
Hungaria Asteroids 9 17657 Himawari
0%
Middle 159 185 Eunike
0%
Hildas 85 1902 Shaposhnikov
0%
Hildas 71 1911 Schubart
0%
Pristine Zone 95 191 Kolga
0%
Middle 164 194 Prokne
0%
Pristine Zone 90 195 Eurykleia
0%
Hungaria Asteroids 8 2131 Mayall
0%
Jupiter Trojans 113 2241 Alcathous
0%
Cybele Group 105 225 Henrietta
0%
Cybele Group 106 229 Adelinda
0%
Inner 107 230 Athamantis
0%
Pristine Zone 151 238 Hypatia
0%
Central Outer 179 259 Aletheia
0%
Hildas 59 2760 Kacha
0%
Jupiter Trojans 98 2797 Teucer
0%
Inner 110 27 Euterpe
0%
Jupiter Trojans 104 2920 Automedon
0%
Jupiter Trojans 110 3063 Makhaon
0%
Hungaria Asteroids 8 3416 Dorrit
0%
Inner 99 345 Tercidina
0%
Pristine Zone 90 358 Apollonia
0%
Hildas 150 361 Bonomia
0%
Central Outer 183 372 Palma
0%
Central Outer 194 375 Ursula
0%
Jupiter Trojans 105 3793 Leonteus
0%
Pristine Zone 159 386 Siegena
0%
Hungaria Asteroids 7 3873 Roddy
0%
Middle 164 39 Laetitia
0%
Middle 178 409 Aspasia
0%
Cybele Group 140 420 Bertholda
0%
Central Outer 206 423 Diotima
0%
Pristine Zone 124 426 Hippo
0%
Middle 159 444 Gyptis
0%
Hungaria Asteroids 9 4490 Bambery
0%
Cybele Group 97 466 Tisiphone
0%
Pristine Zone 124 471 Papagena
0%
Pristine Zone 157 47 Aglaja
0%
Hildas 80 499 Venusia
0%
Cybele Group 150 536 Merapi
0%
Hungaria Asteroids 8 5384 Changjiangcun
0%
Cybele Group 93 570 Kythera
0%
Pristine Zone 134 596 Scheila
0%
Middle 160 59 Elpis
0%
Inner 97 63 Ausonia
0%
Central Outer 191 702 Alauda
0%
Pristine Zone 140 705 Erminia
0%
Pristine Zone 100 709 Fringilla
0%
Cybele Group 97 733 Mocia
0%
Hildas 104 748 Simeisa
0%
Pristine Zone 91 773 Irmintraud
0%
Pristine Zone 152 776 Berbericia
0%
Pristine Zone 120 81 Terpsichore
0%
Hungaria Asteroids 9 8348 Bhattacharyya
0%
Jupiter Trojans 103 884 Priamus
0%
Cybele Group 115 909 Ulla
0%
No matching quizzes found
Score Distribution
Percent of People with Each Score
Percentile by Number Answered
Your Score History
You have not taken this quiz